Widok standardowy
Widok MARC
Pozycja Personal Name
Liczba rekordów, w których użyto hasła: 1
001 - Numer kontrolny
- control field: 41033
003 - Identyfikator numeru kontrolnego
- control field: NUKAT
005 - Data i czas ostatniej modyfikacji
- control field: 20260430131524.0
008 - Dane kontrolne kodowane (40 znaków)
- fixed length control field: 091006n||a|znnaabn |a aaa |c
010 ## - Numer kontrolny Biblioteki Kongresu
- numer kontrolny LC: n 2009094378
024 7# - OTHER STANDARD IDENTIFIER
- Standard number or code: 162549383
- Source of number or code: viaf
024 7# - OTHER STANDARD IDENTIFIER
- Standard number or code: 0000000111737348
- Source of number or code: isni
040 ## - Instytucja sporządzająca rekord
- inst. przygot. dane do rek. khw: KIEL 010/TC
- język haseł przedmiotowych/tezaurus: kaba
- inst. wprow. rek. khw: KIEL 010/TC
046 ## - Special dates
- Birth date: 1966
100 1# - Hasło - nazwa osobowa
- nazwa osobowa w formie ujednoliconej: Jończyk, Marek
- daty biograficzne: (1966- ).
670 ## - Źródło informacji
- źródło informacji: Kp. Niezależne Zrzeszenie Studentów w Kielcach w latach 1980-1989 : [katalog wystawy] / Instytut Pamięci Narodowej. Oddział w Krakowie. Delegatura w Kielcach. - Kielce, 2009.
- gdzie znaleziono informację: Wstęp
670 ## - Źródło informacji
- źródło informacji: Rozmowa z aut.